000
00279nam a2200121Ia 4500
008
240624s9999 xx 000 0 und d
041
_a
eng
082
_a
823 PAT
100
_a
PATTERSON JAMES
245
_a
9TH JUDGEMENT
260
_c
2010
_a
London
_b
Arrow Books
365
_c
RS
_b
25
999
_c
19835
_d
19835